000
00321nam a2200157Ia 4500
100
_a
Aradhya/M
650
_a
C Programming
942
_c
BK
366
_f
25
245
_a
C programming and data structures
260
_b
Cengage Learning
_c
2017
082
_b
ARA
300
_a
440
546
_a
ENGLISH
999
_c
22392
_d
22392